Bürgerliches Recht; Allgemeiner Teil des BGB ...
Saved in:
| Main Author: | |
|---|---|
| Format: | Book |
| Language: | German |
| Published: |
Stuttgart,
Fachverlag für Wirtschafts- und Steuerrecht,
1951.
|
| Edition: | 4. Aufl. |
| Series: | Feldmann Rechts-Grundrisse,
Heft 1 |
| Subjects: | |
| Tags: |
Add Tag
No Tags, Be the first to tag this record!
|
| LEADER | 00712nam a2200229I 4500 | ||
|---|---|---|---|
| 001 | 005321663-6 | ||
| 005 | 20020606095253.2 | ||
| 008 | 950220s1951 gw 000 0 ger | ||
| 010 | |a 52036978 //r52 | ||
| 035 | 0 | |a ocn234358861 | |
| 040 | |a DLC |c HVL | ||
| 100 | 1 | |a Feldmann, Horst. | |
| 245 | 1 | 0 | |a Bürgerliches Recht; |b Allgemeiner Teil des BGB ... |
| 250 | |a 4. Aufl. | ||
| 260 | |a Stuttgart, |b Fachverlag für Wirtschafts- und Steuerrecht, |c 1951. | ||
| 300 | |a 160 p. |c 21 cm. | ||
| 490 | 0 | |a Feldmann Rechts-Grundrisse, |v Heft 1 | |
| 504 | |a Bibliography: p. 150. | ||
| 650 | 0 | |a Civil law |z Germany (West) |x Compends. | |
| 690 | 9 | |a Civil law |z Germany (Federal Republic, 1949- ) |5 law | |
| 988 | |a 20020608 | ||
| 906 | |0 DLC | ||


